Women entrepreneurs in India: a socio-economic study of Delhi, 1975-85 (Record no. 356018)

000 -LEADER
fixed length control field 00429cam a22001337a 4500
008 - FIXED-LENGTH DATA ELEMENTS--GENERAL INFORMATION
fixed length control field 180718b1987 xxu||||| |||| 00| 0 eng d
082 ## - DEWEY DECIMAL CLASSIFICATION NUMBER
Classification number B142x5461 V799
100 ## - MAIN ENTRY--PERSONAL NAME
Personal name Vinze, Medha Dubhashi
245 ## - TITLE STATEMENT
Title Women entrepreneurs in India: a socio-economic study of Delhi, 1975-85
Statement of responsibility, etc. by Medha Dubhashi Vinze
260 ## - PUBLICATION, DISTRIBUTION, ETC.
Place of publication, distribution, etc. Delhi
Name of publisher, distributor, etc. Mittal
Date of publication, distribution, etc. 1987
300 ## - PHYSICAL DESCRIPTION
Extent 238p.
650 ## - SUBJECT ADDED ENTRY--TOPICAL TERM
Topical term or geographic name entry element Enterpreneurs - Delhi.
650 ## - SUBJECT ADDED ENTRY--TOPICAL TERM
Topical term or geographic name entry element Women in business - Delhi
Holdings
Withdrawn status Lost status Damaged status Not for loan Permanent Location Current Location Date acquired Full call number Barcode Date last seen Price effective from Koha item type
        Indian Institute of Public Administration Indian Institute of Public Administration 2009-06-26 B142x5461 V799 62272 2018-07-21 2018-07-21 Book

Powered by Koha